000 00530nam a2200193 a 4500
001 1774864617549
003 YourLibrary
005 20260330153038.0
008 260330s1999##################000#0#eng##
020 _a9780792386599
082 0 4 _a361.0071173
_bRAL
100 1 _aRalston, Penny A.,
_eauthor.
245 1 0 _aSocial Change, Public Policy, and Community Collaborations :
260 _bSpringer,
_c1999.
300 _a163 pages
650 0 _aPsychology.
942 _cENGLISH
040 _aYourLibrary
_beng
_cYourLibrary
999 _c618355
_d618355